Diplomado en sistematización de las prácticas educativas con adultos : los intereses del adulto en los proyectos educativos regionales : [plan didáctico] /

保存先:
書誌詳細
団体著者: Instituto Nacional para la Educación de los Adultos (México)
その他の著者: Jiménez, José Humberto (coordinación general) (coordinación general)
フォーマット: 図書
言語:スペイン語
出版事項: México : Instituto Nacional para la Educación de los Adultos, 1996, c1996
タグ: タグ追加
タグなし, このレコードへの初めてのタグを付けませんか!

MARC

LEADER 00000nam^a2200000^a^4500
001 000266054
005 20250620000000.0
008 070827 19961996
009 20260310110738.759
020 |a 968-29-9464-0 
025 |a Donación sin dato, 1 ejemplar 
037 |a Acervo ITESO - Biblioteca 
041 |a ESP 
082 |a 370. 732  |b INS DIP-pe V. 5 
110 |a Instituto Nacional para la Educación de los Adultos (México) 
240 1 1 |a [Diplomado en sistematización de las prácticas educativas con adultos] 
240 1 1 |a [Diplomado en sistematización de las prácticas educativas con adultos: los intereses del adulto en los proyectos educativos regionales] 
240 1 1 |a [Diplomado en sistematización de las prácticas educativas con adultos: plan didáctico] 
245 1 0 |a Diplomado en sistematización de las prácticas educativas con adultos :  |b los intereses del adulto en los proyectos educativos regionales : [plan didáctico] /  |c Instituto Nacional para la Educación de los Adultos ; coord. general de J.H. Jiménez. 
264 4 |a México :  |b Instituto Nacional para la Educación de los Adultos,  |c 1996, c1996 
300 |a 27 p. 
336 |a texto  |b txt  |2 rdacontenido 
337 |a sin mediación  |b n  |2 rdamedio 
338 |a volumen  |b nc  |2 rdasoporte 
649 |a XX 
700 |a Jiménez, José Humberto  |e (coordinación general) 
910 |a Fondo General 
920 |a Impresos - Libros 
930 |a Colección General 
905 |a 101 
901 |a 0500149296  |b IT1  |c ACC  |d DT  |i D  |u 20250620 
902 |a https://opac.biblio.iteso.mx/vufind/Record/000266054